|
|
|
|
| LEADER |
00000cam a2200000 a 4500 |
| 001 |
vtls011759939 |
| 003 |
SK-MaSNL |
| 005 |
20260301183238.0 |
| 008 |
180604s2018 xo a f u 000 0 slo |
| 015 |
|
|
|a SNBN2018
|
| 040 |
|
|
|a SNK
|b slo
|c SNK
|e AACR2
|
| 041 |
0 |
|
|a slo
|
| 044 |
|
|
|a xo
|c SK
|
| 046 |
|
|
|a s
|m 201806 (účin.)
|
| 072 |
|
7 |
|a 664
|x Potravinársky priemysel
|2 konspekt
|
| 072 |
|
7 |
|a 633
|x Rastlinná výroba
|2 konspekt
|
| 080 |
|
|
|a 663/664
|2 2011
|
| 080 |
|
|
|a 006.7/.8
|2 2001
|
| 080 |
|
|
|a (437.6)
|2 2001
|
| 080 |
|
|
|a (4)
|2 2001
|
| 080 |
|
|
|a (083)
|2 2011
|
| 084 |
|
|
|a 19.020
|2 ICS
|
| 084 |
|
|
|a 67.060
|2 ICS
|
| 245 |
0 |
0 |
|a STN 46 1100-2: 2018, Potravinárske obilniny
|n Časť 2
|p Zrno potravinárskej pšenice letnej
|
| 246 |
1 |
0 |
|a Potravinárske obilniny
|
| 246 |
1 |
0 |
|a Zrno potravinárskej pšenice letnej
|
| 260 |
|
|
|a Bratislava
|b Úrad pre normalizáciu, metrológiu a skúšobníctvo Slovenskej republiky
|c 2018
|
| 300 |
|
|
|a 8 s.
|b tab.
|c 30 cm
|
| 500 |
|
|
|a Súbežný názov v angličtine, francúzštine, nemčine
|
| 500 |
|
|
|a Spracovateľ: Národné poľnohospodárske a potravinárske centrum Lužianky, Soňa Gavurníková
|
| 500 |
|
|
|a Táto norma nahrádza STN 46 1100-2 z júla 2003 v celom rozsahu
|
| 504 |
|
|
|a Súvisiace právne predpisy, zmeny oproti predchádzajúcej norme s. 2 ; poznámky
|
| 540 |
|
|
|a STN vydané na akomkoľvek nosiči sa môžu rozmnožovať a rozširovať iba so súhlasom určenej právnickej osoby
|b SÚTN Bratislava
|c zákon 264/1999 Z. z.
|
| 650 |
0 |
7 |
|a potraviny
|2 SNKPH
|9 1614
|
| 650 |
0 |
7 |
|a technické normy a štandardy
|z Slovensko
|2 SNKPH
|9 79594
|
| 650 |
0 |
7 |
|a Food
|2 SNKPHeng
|9 317006
|
| 650 |
0 |
7 |
|a Cereals
|2 SNKPHeng
|9 336293
|
| 650 |
0 |
7 |
|a obilniny
|2 SNKPH
|9 19007
|
| 650 |
0 |
7 |
|a pšenica
|2 SNKPH
|9 21833
|
| 655 |
|
7 |
|a normy
|2 SNKPH
|9 70643
|
| 700 |
1 |
|
|a Gavurníková, Soňa
|4 aut
|9 332330
|
| 710 |
1 |
|
|a Slovensko.
|b Úrad pre normalizáciu, metrológiu a skúšobníctvo
|4 stn
|9 158117
|
| 710 |
2 |
|
|a Slovenský ústav technickej normalizácie
|4 stn
|9 32706
|
| 710 |
2 |
|
|a Národné poľnohospodárske a potravinárske centrum
|4 aut
|9 160589
|
| 852 |
|
|
|a Štátna vedecká knižnica v Banskej Bystrici
|
| 958 |
|
|
|a NB
|
| 999 |
|
|
|c 856306
|d 858236
|
| 952 |
|
|
|a SNK
|b SNK
|y PREZ
|7 0
|p 17A1332347
|o snkSTN 46 1100-2
|i snk2018/13168
|8 0
|0 0
|1 0
|4 0
|d 2018-06-19
|l 0
|r 2026-02-24 04:57:04
|w 2026-02-24
|
| 952 |
|
|
|a SNK
|b SNK
|y PREZ
|7 0
|p 17A1332348
|o snkSTN 46 1100-2 D1
|i snk2018/13170
|8 0
|0 0
|1 0
|4 0
|d 2018-06-19
|l 0
|r 2026-02-24 04:57:04
|w 2026-02-24
|